MARC

LEADER 00000nam0a2200000 4500
001 365447
005 20231102011803.0
035 |a (RuTPU)RU\TPU\retro\22810 
090 |a 365447 
100 |a 20211230d1981 k y0rusy50 ca 
101 0 |a rus 
102 |a AM 
105 |a y z 101zy 
200 1 |a Всесоюзный семинар по теории упругости неоднородного тела  |e краткое содержание докладов (г. Цахкадзор,20-22 октября 1980 г.)  |f Академия наук СССР, Научный совет по проблемам прочности и пластичности ; Московский государственный университет им. М. В. Ломоносова ; Ереванский государственный университет 
210 |a Ереван  |c Изд-во Ереванского ун-та  |d 1981 
215 |a 72 с. 
320 |a Библиография в конце докладов 
606 1 |a Неоднородные среды  |x Теория упругости  |2 stltpush  |3 (RuTPU)RU\TPU\subj\64441  |9 81339 
610 1 |a техника 
610 1 |a машины 
610 1 |a прочностные показатели 
610 1 |a пластичность 
610 1 |a проблемы 
610 1 |a неоднородные тела 
610 1 |a прочность 
610 1 |a термоупругость 
675 |a 539.31(063)  |v 4 
712 0 2 |a Академия наук СССР  |b Научный совет по проблемам прочности и пластичности  |c (Ленинград/Москва)  |c (1925-1991)  |2 stltpush  |3 (RuTPU)RU\TPU\col\722 
712 0 2 |a Московский государственный университет им. М. В. Ломоносова  |c (1940- )  |2 stltpush  |3 (RuTPU)RU\TPU\col\7  |9 23122 
712 1 2 |a Теория упругости неоднородного тела  |c семинар  |e Цахкадзор  |f 1980 
712 0 2 |a Ереванский государственный университет  |2 stltpush  |3 (RuTPU)RU\TPU\col\11856  |9 25274 
801 1 |a RU  |b 63413507  |c 20211230 
801 2 |a RU  |b 63413507  |c 20211230  |g RCR 
942 |c BK